Léxico temático de terminología jurídica español-inglés = (Record no. 123551)
[ view plain ]
| 000 -LEADER | |
|---|---|
| campo de control de longitud fija | 02105 a2200313 4500 |
| 003 - IDENTIFICADOR DE NÚMERO DE CONTROL | |
| campo de control | BJBSDDR |
| 005 - FECHA Y HORA DE LA ÚLTIMA TRANSACCIÓN | |
| campo de control | 20250703134726.0 |
| 007 - CAMPO FIJO DE DESCRIPCIÓN FÍSICA--INFORMACIÓN GENERAL | |
| campo de control de longitud fija | ta |
| 008 - DATOS DE LONGITUD FIJA--INFORMACIÓN GENERAL | |
| campo de control de longitud fija | 250522s2015 sp 00| 0 spa d |
| 020 ## - NÚMERO INTERNACIONAL ESTÁNDAR DEL LIBRO | |
| Número Internacional Estándar del Libro | 9788490862650 |
| 020 ## - NÚMERO INTERNACIONAL ESTÁNDAR DEL LIBRO | |
| Número Internacional Estándar del Libro | 8490862656 |
| 040 ## - FUENTE DE CATALOGACIÓN | |
| Lengua de catalogación | spa |
| Centro/agencia transcriptor | BJBSDDR |
| 041 ## - CÓDIGO DE IDIOMA | |
| Código de lengua del texto/banda sonora o título independiente | spa |
| -- | eng |
| 050 14 - SIGNATURA TOPOGRÁFICA DE LA BIBLIOTECA DEL CONGRESO | |
| Número de clasificación | R K 52 |
| Número de ítem | J87l 2015 |
| 100 1# - ENTRADA PRINCIPAL--NOMBRE DE PERSONA | |
| Nombre de persona | Jowers, Rebecca |
| 9 (RLIN) | 42197 |
| 245 10 - MENCIÓN DEL TÍTULO | |
| Título | Léxico temático de terminología jurídica español-inglés = |
| Resto del título | Thematic lexicon of Spanish-English legal terminology / |
| Mención de responsabilidad, etc. | Rebecca Jowers. |
| 246 31 - FORMA VARIANTE DEL TITULO | |
| Título propio/Titulo breve | Thematic lexicon of Spanish-English legal terminology |
| 260 ## - PUBLICACIÓN, DISTRIBUCIÓN, ETC. | |
| Lugar de publicación, distribución, etc. | Valencia : |
| Nombre del editor, distribuidor, etc. | Tirant lo Blanch, |
| Fecha de publicación, distribución, etc. | 2015. |
| 300 ## - DESCRIPCIÓN FÍSICA | |
| Extensión | 1036 páginas ; |
| Dimensiones | 25 cm. |
| 490 1# - MENCIÓN DE SERIE | |
| Mención de serie | Esfera |
| 520 ## - RESUMEN, ETC. | |
| Sumario, etc. | La presente obra se inició en 2003 para crear un vocabulario básico de inglés jurídico en quince áreas fundamentales del Derecho español, destinado a mis alumnos de inglés jurídico de la Universidad Carlos III de Madrid, primeramente en el Máster en el Ejercicio de la Abogacía y después en el Máster de Asesoría Jurídica de Empresas. Algunos colegas traductores me animaron a ofrecerlo a un público más amplio y, según iba desarrollando el proyecto, pensé que quizás podría resultar útil también para abogados que tuvieran que explicar el Derecho español a sus clientes de habla inglesa, para profesores universitarios que enseñaran y publicaran en inglés, y para traductores e intérpretes jurídicos. Algunos colegas traductores me animaron a ofrecerlo a un público más amplio y, según iba desarrollando el proyecto, pensé que quizás podría resultar útil también para abogados que tuvieran que explicar el Derecho español a sus clientes de habla inglesa, para profesores universitarios que enseñaran y publicaran en inglés, y para traductores e intérpretes jurídicos. |
| 546 ## - NOTA DE IDIOMA | |
| Nota de lengua/lenguaje | Texto en inglés y español |
| 650 #4 - PUNTO DE ACCESO ADICIONAL DE MATERIA--TÉRMINO DE MATERIA | |
| Término de materia o nombre geográfico como elemento de entrada | Derecho |
| Subdivisión de forma | Diccionarios |
| 9 (RLIN) | 15575 |
| 650 #4 - PUNTO DE ACCESO ADICIONAL DE MATERIA--TÉRMINO DE MATERIA | |
| Término de materia o nombre geográfico como elemento de entrada | Terminología del derecho |
| 9 (RLIN) | 25705 |
| 650 #4 - PUNTO DE ACCESO ADICIONAL DE MATERIA--TÉRMINO DE MATERIA | |
| Término de materia o nombre geográfico como elemento de entrada | Teoría del derecho |
| 9 (RLIN) | 7798 |
| 830 #0 - PUNTO DE ACCESO ADICIONAL DE SERIE-TÍTULO UNIFORME | |
| Título uniforme | Esfera (Tirant lo blanch) |
| 9 (RLIN) | 39925 |
| 942 ## - ELEMENTOS DE ENTRADA SECUNDARIOS (KOHA) | |
| Fuente del sistema de clasificación o colocación | Clasificación de Library of Congress |
| Tipo de ítem Koha | Libro |
| 946 ## - PROCESAMIENTO DE INFORMACIÓN LOCAL (OCLC) | |
| Iniciales del agente catalogador | rmza |
| Estatus retirado | Estado de pérdida | Fuente del sistema de clasificación o colocación | Estado de daño | No para préstamo | Colección | Biblioteca de origen | Biblioteca actual | Ubicación en estantería | Fecha de adquisición | Signatura topográfica completa | Código de barras | Visto por última vez | Copia número | Tipo de ítem Koha |
|---|---|---|---|---|---|---|---|---|---|---|---|---|---|---|
| Clasificación de Library of Congress | Referencia | Biblioteca Juan Bosch | Biblioteca Juan Bosch | Ciencias Sociales (3er. Piso) | 22/05/2025 | R K 52 J87l 2015 | 00000188907 | 22/05/2025 | 1 | Libro |
